000 01339nam a2200217Ia 4500
003 Ost
005 20260507075634.0
008 260507s9999||||xx |||||||||||||| ||und||
040 _cfsecg
041 _aara
082 _a658.8
100 _aعفيفي، صديق محمد
_eمؤلف
245 0 _aإدارة التسويق /
_c صديق محمد عفيفي
250 _aطبعة 13
260 _aالإسكندرية:
_bالمكتب العربي الحديث,
_c2003
300 _a577 صفحة؛
_bإيضاحات ؛
_c23 سم
520 _aالمفهوم الحديث للتسويق بين النظرية والتطبيق- تحليل عام لوظائف التسويق- بحوث التسويق- دراسة الفرص التسويقية والإستراتيجيات البديلة لإستثمارها- تصنيف المنتجات- تخطيط المنتجات بالتطبيق على الصناعة البترولية- مشكلة التسعير تصميم استراتيجية التسعير- قنوات التوزيع- إدارة رجال البيع والفروع- مشكلات توزيع السلع- تخطيط وتنظيم المعارض- المبادئ العامة والتخطيط الإستراتيجي للتسويق الدولي
653 _aأدارة المبيعات
653 _aالتسويق
942 _cكتاب
999 _c45273
_d45273